[Event "Kalamazoo op"]
[Site "Kalamazoo"]
[Date "2002.10.19"]
[Round "2.17"]
[White "Schooley, Benjamin"]
[Black "Almasy, Roy"]
[Result "1-0"]
[WhiteElo "1157"]
[BlackElo "1333"]
[PlyCount "141"]
[EventDate "2002.10.19"]
[EventType "swiss"]
[EventRounds "5"]
[EventCountry "USA"]
[SourceTitle "EXT 2007"]
[Source "ChessBase"]
[SourceDate "2006.11.23"]
[SourceVersion "1"]
[SourceVersionDate "2006.11.23"]
[SourceQuality "1"]

1. e4 e5 2. Nf3 Nc6 3. d4 exd4 4. Nxd4 Nxd4 5. Qxd4 Nf6 6. Bc4 Bd6 7. 0-0 Qe7 8. Re1 Be5 9. Qd1 0-0 10. f4 Bxf4 11. Bxf4 Qc5+ 12. Kh1 Qxc4 13. Nd2 Qc6 14. e5 Nd5 15. Bg3 b6 16. Nf3 Ne7 17. Qd3 Bb7 18. c4 a5 19. Re2 Ba6 20. Rc1 b5 21. Nd4 Qc5 22. Nb3 bxc4 23. Nxc5 cxd3 24. Rd2 Bb5 25. a4 Bc6 26. Rxd3 Rab8 27. b3 Nf5 28. Be1 d6 29. Na6 Be4 30. Rdc3 Rbc8 31. exd6 Nxd6 32. Rxc7 Rxc7 33. Rxc7 Re8 34. Rc1 Bc2 35. Bg3 Bd3 36. Nc7 Rd8 37. Rd1 Ne4 38. Be1 Nc5 39. Bxa5 Nxb3 40. Bb6 Rd6 41. a5 h6 42. Kg1 Kf8 43. a6 Rxb6 44. Rxd3 Rc6 45. a7 Rc1+ 46. Kf2 Rc2+ 47. Kg3 Ra2 48. a8Q+ Rxa8 49. Nxa8 Nc5 50. Re3 g5 51. Nb6 f5 52. Re5 Ne4+ 53. Rxe4 fxe4 54. Kf2 Kf7 55. Ke3 Kf6 56. Kxe4 g4 57. Kf4 h5 58. g3 Kg6 59. Nd5 h4 60. Kxg4 hxg3 61. hxg3 Kh6 62. Kf5 Kg7 63. g4 Kf7 64. g5 Kg7 65. g6 Kf8 66. Kf6 Kg8 67. g7 Kh7 68. Kf7 Kh6 69. g8Q Kh5 70. Nf6+ Kh6 71. Qg6# 1-0